| 000 | 00581nam a2200097Ia 4500 | ||
|---|---|---|---|
| 008 | 180130s9999 xx 000 0 und d | ||
| 245 |
_cAllah, Thembelihle; August, Puleng; Bhaza, Siphamandla; Chigovanyika, Tinashe; Dyan, Unathi; Muteweye, Tinashe; Ngcoza, Mandisi; Tshiwula, Neliswa; Qambela, Vuyiseka; Vooi, Yanga; Bruwer, Juan-Pierre _aAccounting information systems in the fast food industry: a valuable tool for small business survival |
||
| 260 | _c2016 | ||
| 300 | _aBook title: Information technology management--Acession number C20746; pages 232-236 | ||
| 650 | _aIT MANAGEMENT | ||
| 999 |
_c354277 _d354277 |
||